000 00778nam a2200253 i 4500
001 C2-0322618
003 PPAK
005 20180728121445.0
008 130730s2012 my a|||| ||||| | zxx d
022 _a2231-8305
040 _aPPAK
_beng
_cPPAK
_erda
082 0 4 _a378.595
_223
090 0 0 _a378.595
_bCRE
_dR
245 0 0 _aCREAM :
_bCurrent Research in Malaysia = Penyelidikan Terkini di Malaysia
264 1 _aPutrajaya :
_bMinistry of Higher Education Malaysia ,
_c2012
300 _a229 pages :
_billustrations ;
_c23 cm
336 _2rdacontent
_atext
337 _2rdamedia
_aunmediated
338 _2rdacarrier
_avolume
500 _avol.1, no.1, Oct 2012
650 1 0 _aEducation, Higher - Malaysia
700 0 _aSamsudin Abd Rahim,
_eeditor
942 _ddc
_cB
999 _c122866
_d122866